Andean Countries - Sudden Death - Statistics

General Stats
  • This quiz has been taken 26 times
  • The average score is 5 of 7
Answers on the Grid
Answers color-coded by a green-red scale on the quiz's grid according to % correct below.
Argentina
Bolivia
Chile
Colombia
Ecuador
Peru
Venezuela
Brazil
Uruguay
Paraguay
Guyana
Panama
Costa Rica
Suriname
 
Answer Stats
Answer % Correct
Argentina
90%
Peru
90%
Bolivia
80%
Chile
80%
Ecuador
80%
Colombia
75%
Venezuela
45%
No matching quizzes found
Score Distribution
Percent of People with Each Score
Percentile by Number Answered
Your Score History
You have not taken this quiz